The Pricing and Efficiency of Australian Treasury Bond Futures (Record no. 309829)
[ view plain ]
| 000 -LEADER | |
|---|---|
| fixed length control field | 00409nam a2200121Ia 4500 |
| 008 - FIXED-LENGTH DATA ELEMENTS--GENERAL INFORMATION | |
| fixed length control field | 170221s9999 xx 000 0 und d |
| 100 ## - MAIN ENTRY--PERSONAL NAME | |
| Personal name | Alex Frino |
| 245 #4 - TITLE STATEMENT | |
| Title | The Pricing and Efficiency of Australian Treasury Bond Futures |
| 245 ## - TITLE STATEMENT | |
| Statement of responsibility, etc | Alex Frino, William Peng He, and Andrew Lepone |
| 260 ## - PUBLICATION, DISTRIBUTION, ETC. (IMPRINT) | |
| Date of publication, distribution, etc | 2011 |
| 650 ## - SUBJECT ADDED ENTRY--TOPICAL TERM | |
| General subdivision | Business |
| 856 ## - ELECTRONIC LOCATION AND ACCESS | |
| Uniform Resource Identifier | <a href="http://ro.uow.edu.au/cgi/viewcontent.cgi?article=1476&context=aabfj">http://ro.uow.edu.au/cgi/viewcontent.cgi?article=1476&context=aabfj</a> |
| Withdrawn status | Lost status | Damaged status | Home library | Current library | Date acquired | Total Checkouts | Date last seen | Price effective from | Koha item type |
|---|---|---|---|---|---|---|---|---|---|
| College Library | College Library | 02/21/2017 | 02/21/2017 | 02/21/2017 | Foreign e-journal articles |